ბათუმის შოთა რუსთაველის სახელმწიფო უნივერსიტეტის ბიბლიოთეკა

თხზულებათა სრული კრებული 2 ტომად. ტ.2 (ბიბ.ჩანაწერი № 48474)

000 -LEADER
fixed length control field 00805nam a2200217Ia 4500
001 - CONTROL NUMBER
control field 15368
003 - CONTROL NUMBER IDENTIFIER
control field GE_BSU
008 - FIXED-LENGTH DATA ELEMENTS--GENERAL INFORMATION
fixed length control field 181216s||||||||xx |||||||||||||| ||und||
040 ## - CATALOGING SOURCE
Transcribing agency GE_BSU
080 ## - UNIVERSAL DECIMAL CLASSIFICATION NUMBER
Universal Decimal Classification number 821.353.1-32
100 ## - MAIN ENTRY--PERSONAL NAME
Personal name კლდიაშვილი,დავით
245 ## - TITLE STATEMENT
Title თხზულებათა სრული კრებული 2 ტომად. ტ.2
245 ## - TITLE STATEMENT
Statement of responsibility, etc. წინას. ავტ. ს.ჭილაია
260 ## - PUBLICATION, DISTRIBUTION, ETC.
Place of publication, distribution, etc. თბილისი
260 ## - PUBLICATION, DISTRIBUTION, ETC.
Name of publisher, distributor, etc. საბჭოთა მწერალი
260 ## - PUBLICATION, DISTRIBUTION, ETC.
Date of publication, distribution, etc. 1952
300 ## - PHYSICAL DESCRIPTION
Extent 404გვ.23სმ.
300 ## - PHYSICAL DESCRIPTION
Accompanying material დავით კლდიაშვილის ლექსიკონი გვ.395-402
653 ## - INDEX TERM--UNCONTROLLED
Uncontrolled term თხზულებათა სრული კრებული
942 ## - ADDED ENTRY ELEMENTS (KOHA)
Koha item type წიგნი
ეგზემპლარები
Withdrawn status Lost status Damaged status Not for loan Date acquired Barcode Date last seen Price effective from Koha item type
        2018-12-17 37715 2018-12-17 2018-12-17 წიგნი